[Event "10th KiiT Festival 2017"]
[Site "Bhubaneshwar"]
[Date "2017.05.27"]
[Round "1"]
[White "Ravi, Teja S"]
[Black "Mullick, Raahil"]
[Result "1-0"]
[WhiteElo "2369"]
[BlackElo "1929"]
[Annotator "NA"]
[PlyCount "55"]
[EventDate "2017.05.26"]
[EventType "swiss"]
[EventCountry "IND"]
[SourceTitle "playchess.com"]
[Source "ChessBase"]
[SourceQuality "1"]
[TimeControl "5400+30"]

1. d4 d5 2. Nf3 Nf6 3. c4 c6 4. e3 Bf5 5. cxd5 cxd5 6. Nc3 e6 7. Ne5 Nc6 8. g4 Bg6 9. h4 Bb4 10. h5 Nxe5 11. dxe5 Bxc3+ 12. bxc3 Be4 13. f3 Nxg4 14. fxe4 Nxe5 15. exd5 Qg5 16. Qa4+ Kf8 17. Qf4 exd5 18. Ba3+ Kg8 19. Qxg5 Nf3+ 20. Kf2 Nxg5 21. Bg2 Ne4+ 22. Bxe4 dxe4 23. Rad1 h6 24. Rd7 Kh7 25. Rxf7 Rac8 26. Rg1 Rhg8 27. Rxb7 a5 28. Bd6 1-0

[Event "10th KiiT Festival 2017"]
[Site "Bhubaneshwar"]
[Date "2017.05.27"]
[Round "1"]
[White "Navalgund, Niranjan"]
[Black "Aakash Sharadchandra, Dalvi"]
[Result "1/2-1/2"]
[WhiteElo "2351"]
[BlackElo "1919"]
[Annotator "NA"]
[PlyCount "141"]
[EventDate "2017.05.26"]
[EventType "swiss"]
[EventCountry "IND"]
[SourceTitle "playchess.com"]
[Source "ChessBase"]
[SourceQuality "1"]
[TimeControl "5400+30"]

1. d4 Nf6 2. c4 e6 3. g3 d5 4. Nf3 Bb4+ 5. Bd2 Be7 6. Bg2 O-O 7. O-O c6 8. a4 Ne4 9. Bf4 Nd7 10. Nfd2 f5 11. f3 Nxd2 12. Qxd2 Bf6 13. Rd1 Nb6 14. c5 Nc4 15. Qc3 g5 16. b3 gxf4 17. bxc4 Qc7 18. gxf4 Qxf4 19. e3 Qh4 20. f4 Kh8 21. Qe1 Qh5 22. Kh1 Bh4 23. Qf1 Rg8 24. Bf3 Qh6 25. Qh3 Rg6 26. Ra2 Bd7 27. Rg2 Rag8 28. Rdg1 Rxg2 29. Rxg2 Rxg2 30. Qxg2 Qg7 31. Qxg7+ Kxg7 32. Kg2 dxc4 33. Be2 b6 34. cxb6 axb6 35. Bxc4 Be7 36. Nc3 Bb4 37. Nd1 b5 38. Bb3 Kf6 39. Nb2 c5 40. axb5 cxd4 41. Bc4 dxe3 42. Kf3 Bc5 43. Nd1 Be8 44. Nc3 Bh5+ 45. Kg3 Bd4 46. Be2 Be8 47. Na2 Ke7 48. Nb4 Kd6 49. Nc6 Bb6 50. Kg2 Kd5 51. Bf3+ Kc4 52. Be2+ Kc3 53. Kf1 Bc7 54. h3 Bxf4 55. Nd8 Bd7 56. b6 Kd4 57. b7 Kc5 58. Ke1 Bg3+ 59. Kf1 Kb6 60. Bc4 Kc7 61. Nxe6+ Kb6 62. Ke2 Be8 63. Bd5 Bf7 64. Kxe3 Bxe6 65. Bxe6 f4+ 66. Kf3 Kxb7 67. Bg8 h5 68. h4 Bxh4 69. Bf7 Kc6 70. Kxf4 Kd6 71. Bxh5 1/2-1/2

[Event "10th KiiT Festival 2017"]
[Site "Bhubaneshwar"]
[Date "2017.05.27"]
[Round "1"]
[White "Sai Krishna G V"]
[Black "Rohith Krishna S"]
[Result "1/2-1/2"]
[WhiteElo "2339"]
[BlackElo "1914"]
[Annotator "NA"]
[PlyCount "84"]
[EventDate "2017.05.26"]
[EventType "swiss"]
[EventCountry "IND"]
[SourceTitle "playchess.com"]
[Source "ChessBase"]
[SourceQuality "1"]
[TimeControl "5400+30"]

1. e4 e5 2. Nf3 Nc6 3. Bb5 Nf6 4. O-O Be7 5. Re1 d6 6. c3 a6 7. Ba4 b5 8. Bb3 Na5 9. Bc2 c5 10. d4 Qc7 11. Nbd2 O-O 12. d5 Re8 13. Nf1 Bf8 14. Ng3 g6 15. h3 Bg7 16. Nh2 Rb8 17. b3 Nb7 18. a4 Bd7 19. f4 exf4 20. Bxf4 bxa4 21. bxa4 Bc8 22. Rf1 Rf8 23. Qd2 Nd7 24. Bh6 Ne5 25. Bxg7 Kxg7 26. Qg5 h6 27. Nh5+ Kh7 28. Nf6+ Kg7 29. Qg3 Na5 30. Rf2 Nac4 31. Raf1 Qe7 32. Nh5+ Kh7 33. Nf6+ Kg7 34. Qh4 Rb7 35. Bd1 Ne3 36. Qg3 Nxf1 37. Nxf1 Rb1 38. Bc2 Rc1 39. Nh5+ Kh7 40. Nf6+ Kg7 41. Nh5+ Kh7 42. Nf6+ Kg7 1/2-1/2

[Event "10th KiiT Festival 2017"]
[Site "Bhubaneshwar"]
[Date "2017.05.27"]
[Round "1"]
[White "Divya Deshmukh"]
[Black "Amonatov, Farrukh"]
[Result "0-1"]
[WhiteElo "1989"]
[BlackElo "2632"]
[Annotator "TA"]
[PlyCount "122"]
[EventDate "2017.05.26"]
[EventType "swiss"]
[EventCountry "IND"]
[SourceTitle "playchess.com"]
[Source "ChessBase"]
[SourceQuality "1"]

{[%evp 20,121,21,6,7,0,75,7,110,65,118,59,69,46,47,44,51,0,0,0,0,0,0,-46,-31,-59,0,0,-16,-30,0,-216,-228,-195,-150,-200,-172,-162,-154,-156,-149,-161,-103,-101,-84,-84,-12,-112,-31,-47,-24,-164,-146,-324,-319,-320,-294,-836,-789,-641,-522,-465,-181,-705,-698,-685,-525,-507,-482,-466,-470,-6079,-6023,-29982,-29981,-29981,-29982,-29984,-29985,-29989,-29990,-29990,-29991,-29991,-29991,-29991,-29992,-29992,-29991,-29993,-29992,-29993,-29994,-29994,-29993,-29994,-29995,-29995,-29996,-29997,-29997,-29998,-29999,-29999]} 1. e4 c5 2. Nf3 d6 3. d4 cxd4 4. Nxd4 Nf6 5. Nc3 a6 6. Bg5 e6 7. f4 h6 8. Bh4 Be7 9. Qf3 Qc7 10. O-O-O Nbd7 11. g4 b5 {B99: Sicilian Najdorf: 6 Bg5 e6 7 f4 Be7 8 Qf3 Qc7 9 0-0-0 Nbd7} (11... g5 12. e5 dxe5 13. fxg5 hxg5 14. Bg3 Qb6 15. Nb3 Qc6 16. Qe2 Qxh1 17. Bg2 Qxg2 18. Qxg2 Ra7 19. Bf2 b6 20. Qg1 Rb7 21. Nd2 b5 22. Nde4 {1-0 (22) Ortiz Suarez,I (2623)-Hevia Alejano,C (2511) Merida 2014}) 12. Bxf6 gxf6 (12... Nxf6 $11 13. a3 g6) 13. a3 (13. f5 $16) 13... Bb7 (13... Rb8 $1 $11 {keeps the balance.}) 14. h4 $146 ({Predecessor:} 14. f5 e5 15. Nb3 Rc8 16. h3 Nc5 17. Nxc5 Qxc5 18. Rh2 b4 19. axb4 Qxb4 {½-½ (60) Lawitsch,G (2150)-Kotter,R (2270) Seefeld 1993}) 14... Rg8 (14... O-O-O $14) 15. Bh3 (15. f5 $16) 15... O-O-O $14 16. Rhe1 Kb8 17. Kb1 Rc8 18. Qe3 (18. Qf2 $14) 18... Nb6 $11 {White must now prevent ...Nc4.} 19. Qe2 Nc4 20. Rd3 Qb6 21. Nb3 Rc7 22. Nd2 Rgc8 {[#] aiming for ...Nxa3+!} (22... d5 $5 23. exd5 Bxa3 $11) 23. Nxc4 Rxc4 24. Qe3 Qa5 {Threatens to win with ...d5!} 25. Rd4 $2 (25. Re2 $11 {and White has nothing to worry.}) 25... Rxc3 $1 $19 26. bxc3 Qxa3 27. Qc1 Qxc3 28. Rd3 Qc4 29. Bg2 Bd8 30. Qb2 f5 ({Black should play} 30... Ba5 $19 31. Rc1 f5 32. gxf5 exf5 33. Rxd6 fxe4 34. Rxh6 Bd2) 31. gxf5 $17 exf5 32. Rxd6 Bxh4 (32... Ba5 $17 33. Red1 fxe4) 33. Rh1 {[#]} (33. Red1 $11 {remains equal.}) 33... Qe2 ({Much weaker is} 33... Bxe4 $6 34. Bxe4 Qxe4 35. Rxh4 $11) (33... Bg3 $1 $17 {...Qe2 is the strong threat.} 34. Rd7 Bxf4) 34. Rxh6 Bd8 ({Not} 34... fxe4 $2 35. Bh3 $18 (35. R6xh4 Qxg2 36. Qe5+ Ka7 $16)) 35. R1h2 (35. R6h2 $11 {and White is okay.}) 35... fxe4 36. Bh1 $2 (36. Qc1 $17) 36... Qf1+ $19 37. Qc1 Qc4 38. Qe3 $2 (38. Qa3) 38... Qb4+ 39. Kc1 Qa4 40. Kb1 Bd5 $2 (40... Rc4 41. c3 b4) 41. Rb6+ $2 (41. c3) 41... Ka8 {Hoping for ...Qa2+.} 42. Bxe4 Bxe4 43. Rxa6+ Qxa6 44. Qxe4+ Kb8 {Strongly threatening ...Bf6.} 45. Rh5 (45. Qe5+ $142 Bc7 46. Qe2) 45... Bf6 {[%csl Gf6][%cal Ra6a1]} 46. Kc1 Qa1+ {Black mates.} 47. Kd2 Rd8+ 48. Rd5 Bc3+ 49. Kd3 Rxd5+ 50. Qxd5 Qd1+ 51. Ke4 Qh1+ 52. Kd3 Qxd5+ 53. Kxc3 Qc4+ 54. Kb2 Qxf4 55. Kb3 Qc4+ 56. Kb2 f5 57. c3 f4 58. Kc2 f3 59. Kd2 Qe2+ 60. Kc1 f2 {[%cal Rf2f1]} 61. c4 f1=R# {Precision: White = 20%, Black = 54%.} (61... f1=Q# $142) 0-1

[Event "10th KiiT Festival 2017"]
[Site "Bhubaneshwar"]
[Date "2017.05.27"]
[Round "1"]
[White "Anisuzzaman, Jewel"]
[Black "Tukhaev, Adam"]
[Result "0-1"]
[WhiteElo "1985"]
[BlackElo "2557"]
[Annotator "TA"]
[PlyCount "58"]
[EventDate "2017.05.29"]
[EventType "swiss"]
[EventCountry "IND"]
[SourceTitle "playchess.com"]
[Source "ChessBase"]
[SourceQuality "1"]

{[%evp 24,58,14,0,0,0,0,0,-3,-12,-14,-12,0,0,0,-27,-35,-66,-66,-89,-83,-91,-86,-84,-90,-178,-172,-360,-368,-283,-247,-432,-445,-406,-405,-453,-449]} 1. e4 c5 2. Nf3 e6 3. Nc3 Nc6 4. Be2 Nf6 5. d4 cxd4 6. Nxd4 d6 7. Be3 Be7 8. O-O O-O 9. f4 e5 10. Nxc6 bxc6 11. fxe5 dxe5 12. Qxd8 {B83: Sicilian Scheveningen: 6 Be2, lines without ...a6} Rxd8 13. Rad1 {LiveBook: 3 Games} (13. Rfd1 Be6 14. Rxd8+ Bxd8 15. Bf3 Bb6 16. Kf2 Rd8 17. Rd1 Rxd1 18. Nxd1 Kf8 19. b3 Ke7 {1-0 (66) Popov,I (2632)-Kurnosov,I (2657) Khanty-Mansiysk 2013}) 13... Be6 14. Rxd8+ {The position is equal.} Bxd8 15. Bd3 Bb6 16. Bxb6 axb6 17. a4 $146 ({Predecessor:} 17. b3 Ra3 18. Ra1 Nd7 19. Nb1 Ra8 {½-½ (53) Lagland,G-Overveld,R Finland 1987}) 17... c5 18. b3 Rd8 19. Ra1 {[#]} Bxb3 $1 {[%mdl 512]} 20. a5 (20. cxb3 Rxd3) 20... bxa5 21. Rxa5 c4 22. Be2 Bxc2 23. Bxc4 h5 24. Ba2 (24. Be2 $17) 24... Bxe4 25. Rxe5 $2 {[#]} (25. Nxe4 Rd1+ 26. Kf2 Nxe4+ 27. Ke3 Re1+ 28. Kd3) 25... Rc8 $1 $19 {[%cal Rc8c3]} 26. Nd1 Rc2 27. Bb3 $2 (27. Bb1 {was the only defense.} Rxg2+ 28. Kf1) 27... Rxg2+ 28. Kf1 {White wants to play Rxe4!} Rxh2 29. Re7 Bd5 {Precision: White = 43%, Black = 68%.} 0-1

[Event "10th KiiT Festival 2017"]
[Site "Bhubaneshwar"]
[Date "2017.05.27"]
[Round "1"]
[White "Shahnaz, Mohammad Faruque"]
[Black "Debashis, Das"]
[Result "0-1"]
[WhiteElo "1985"]
[BlackElo "2496"]
[Annotator "TA"]
[PlyCount "66"]
[EventDate "2017.05.26"]
[EventType "swiss"]
[EventCountry "IND"]
[SourceTitle "playchess.com"]
[Source "ChessBase"]
[SourceQuality "1"]

{[%evp 22,66,-8,-19,0,-19,-16,-24,-16,-29,-33,-42,-27,-25,-25,-24,-31,-116,-112,-136,-146,-160,-141,-150,-149,-291,-277,-287,-284,-279,-270,-351,-342,-362,-339,-354,-346,-485,-470,-565,-564,-599,-599,-582,-555,-557,-540]} 1. e4 c5 2. Nf3 d6 3. d4 cxd4 4. Nxd4 Nf6 5. Nc3 a6 6. Be2 e5 7. Nb3 Be7 8. O-O O-O 9. a4 Be6 10. Be3 Nc6 11. f4 exf4 12. Rxf4 {LiveBook: 12 Games} Ne8 {B92: Sicilian Najdorf: 6 Be2} (12... Rc8 13. Qd2 d5 14. exd5 Nxd5 15. Nxd5 Bxd5 16. Rd1 Bxb3 17. cxb3 Qxd2 18. Bxd2 Bg5 19. Rc4 Bxd2 20. Rxd2 {½-½ (43) Everest (2530)-Campolungo,R (2504) playchess.com INT 2006}) 13. Rf2 Bh4 14. Rf1 Bf6 {Black has an edge.} 15. Kh1 $146 ({Predecessor:} 15. Qd2 Be5 16. Nd4 Nf6 17. Kh1 Nxe4 18. Nxe4 Qh4 19. Nf3 Qxe4 20. Bd3 Qb4 21. c3 {½-½ (40) Nguyen,T-Khegai,A (2205) Macau 1996}) 15... Be5 16. Nd4 Nf6 ({Much worse is} 16... Qh4 $6 17. Nf3 $16) 17. Nxc6 bxc6 18. Bd4 Qa5 19. Qd2 {[#]} (19. b3 $15) 19... Nxe4 $1 $17 {[%mdl 512]} 20. Nxe4 Qxd2 21. Nxd2 {Hoping for Bxe5.} Bxd4 22. c3 {[#]} Bf6 $1 23. Rxf6 (23. Ne4 $17) 23... gxf6 $19 24. Ne4 a5 25. Nxf6+ Kh8 26. Bf3 d5 27. Rd1 Rab8 28. Rd2 Rb6 29. h3 (29. Bd1 $142) 29... Rfb8 {Black is clearly winning.} 30. Rd4 Rxb2 31. Rh4 {[%csl Gf6][%cal Rh4h7]} Kg7 32. Nh5+ Kf8 33. Nf4 Bf5 {Precision: White = 15%, Black = 88%.} 0-1

[Event "10th KiiT Festival 2017"]
[Site "Bhubaneshwar"]
[Date "2017.05.27"]
[Round "1"]
[White "Kishan, Gangolli"]
[Black "Nguyen, Duc Hoa"]
[Result "0-1"]
[WhiteElo "1977"]
[BlackElo "2481"]
[Annotator "TA"]
[PlyCount "60"]
[EventDate "2017.05.26"]
[EventType "swiss"]
[EventCountry "IND"]
[SourceTitle "playchess.com"]
[Source "ChessBase"]
[SourceQuality "1"]

{[%evp 22,60,8,5,11,10,18,-95,-89,-87,-98,-113,-112,-83,-70,-110,-93,-175,-153,-118,-142,-185,-175,-192,-175,-165,-135,-575,-553,-629,-617,-664,-648,-855,-794,-1024,-950,-1352,-1341,-1566,-1527]} 1. d4 Nf6 2. Nf3 g6 3. c4 Bg7 4. Nc3 d5 5. Bg5 Ne4 6. cxd5 Nxg5 7. Nxg5 e6 8. Nf3 exd5 9. e3 O-O 10. b4 a5 11. b5 {D91: Grünfeld: 4 Nf3 Bg7 5 Bg5} c5 12. bxc6 {LiveBook: 3 Games} (12. Be2 Be6 13. O-O Nd7 14. Rc1 c4 15. e4 dxe4 16. Nxe4 Nb6 17. Nc5 Bd5 18. Na4 Nxa4 19. Qxa4 {0-1 (26) De Souza,M (2334)-Duje,R (2210) Este 2015}) 12... bxc6 13. Na4 {The position is equal.} Qe7 14. Nc5 (14. Bd3 $11 {keeps the balance.}) 14... Nd7 $17 15. Rc1 f5 16. Be2 f4 17. exf4 Nxc5 18. Rxc5 Rxf4 19. O-O {[#]} (19. Rxc6 $17 Ba6 20. Kf1 Bxe2+ 21. Qxe2) 19... Rxd4 $146 {[%mdl 512]} 20. Qc1 (20. Nxd4 Qxc5) 20... Qxe2 21. Re1 Qxa2 22. Nxd4 Bxd4 23. Rc2 {[#]} Qa4 $1 24. Qh6 $2 {[%mdl 8192]} (24. Re8+ $17 Kf7 25. Rce2) 24... Be6 {Black is clearly winning.} 25. Rce2 Bg7 26. Qg5 Bf7 27. Re7 Qb4 28. h4 a4 {[%cal Ba5a4,Ba4a3][%mdl 32]} 29. h5 a3 30. hxg6 hxg6 {Precision: White = 33%, Black = 97%.} 0-1

[Event "10th KiiT Festival 2017"]
[Site "Bhubaneshwar"]
[Date "2017.05.27"]
[Round "1"]
[White "Kabir, Mohammad Sherajul"]
[Black "Shyaamnikhil P"]
[Result "0-1"]
[WhiteElo "1976"]
[BlackElo "2457"]
[Annotator "TA"]
[PlyCount "136"]
[EventDate "2017.05.26"]
[EventType "swiss"]
[EventCountry "IND"]
[SourceTitle "playchess.com"]
[Source "ChessBase"]
[SourceQuality "1"]

{[%evp 15,136,0,0,0,19,0,0,0,2,-38,-27,-47,-38,-61,-58,-64,-62,-60,-60,-55,-60,-61,-46,-54,-35,-61,-36,-57,-65,-83,-88,-104,-56,-89,-85,-90,-83,-88,-79,-106,-41,-67,-75,-134,-93,-124,-125,-120,-85,-64,-65,-66,-63,-62,-57,-62,-38,-130,-123,-157,-143,-131,-129,-177,-170,-196,-106,-203,-208,-255,-197,-193,-185,-189,-183,-192,-183,-198,-187,-183,-182,-212,-216,-202,-199,-242,-246,-277,-283,-283,-278,-341,-323,-386,-396,-379,-368,-395,-292,-368,-336,-336,-311,-326,-283,-293,-266,-302,-169,-169,-167,-213,-186,-200,-162,-331,-331,-417,-406,-415,-416,-29978,-29979]} 1. e4 c5 2. Nf3 d6 3. d4 cxd4 4. Nxd4 Nf6 5. Nc3 a6 6. a4 e5 7. Nb3 Be6 8. Bg5 Be7 9. Be2 {B90: Sicilian Najdorf: Unusual White 6th moves, 6 Be3 Ng4 and 6 Be3 e5} Nbd7 10. Qd3 O-O 11. O-O {The position is equal.} Rc8 12. Rfd1 $146 ({Predecessor:} 12. Bxf6 Nxf6 13. Nd5 Nxd5 14. exd5 Bd7 15. c4 Kh8 16. a5 f5 {0-1 (30) Panchanathan,M (2493)-Cruz,C (2525) Badalona 2009}) 12... Bxb3 13. cxb3 Nc5 $1 {[%csl LRb3,LRd3][%cal Rc5d3]} 14. Qe3 Nxb3 15. Bxf6 Bxf6 16. Ra3 Nd4 17. Bd3 Bg5 18. Qe1 Bf4 19. Ne2 Nc6 (19... Ne6 {is interesting.} 20. Qb4 a5 21. Qb5 Bg5 22. Bc4 Rc5) 20. a5 Bg5 21. Ng3 g6 $36 {[%mdl 2048] White is under pressure.} 22. Bb1 Be7 23. Ne2 Kh8 24. Rd5 b5 25. b4 Rc7 26. Rad3 Qc8 27. Rd1 Nd8 (27... Qg4 $17 28. f3 Qg5) 28. Qd2 Ne6 29. f4 ({White should play} 29. Qb2) 29... Rc4 30. Bd3 {[#]} Rc6 $1 31. Bb1 Nc7 32. Rd3 Rc4 33. Rh3 {aiming for fxe5.} Ne6 $1 34. Bd3 Rc6 35. Rf1 Qd8 36. Qa2 (36. f5 $1 $15 gxf5 37. Rxf5) 36... exf4 {...Ng5 is the strong threat.} 37. Nxf4 Nxf4 38. Rxf4 Bf6 39. Qd5 Rc1+ 40. Bf1 Bg7 (40... Qe7 $19 41. Rhf3 Qa7+ 42. Kh1 Be5 43. Rxf7 {[#]} Qxf7 $1 {[%mdl 512]} 44. Qxf7 Rxf7 45. Rxf7 Kg8) 41. Rd3 (41. Rhf3 $17) 41... Qe7 $19 42. Rdf3 {[%cal Rf4f7]} Qa7+ 43. Kh1 Be5 44. Rxf7 {[#]} Qxf7 $1 {[%mdl 512]} 45. Qxf7 Rxf7 46. Rxf7 {[%mdl 4096] Endgame KRB-KRB} Kg8 47. Rf3 Bc3 48. g3 Bxb4 49. Kg2 Ra1 ({But not} 49... Bxa5 50. Ra3 $17) 50. Rb3 Bxa5 51. Bd3 Kf7 52. Kf3 Kf6 53. Be2 Bb6 54. Rd3 Bc5 55. Rd5 Ra2 56. g4 Ra3+ 57. Kg2 Re3 58. Bd3 Re1 59. h4 b4 60. Bxa6 Rxe4 61. Kf3 Re1 (61... Re3+ $142 62. Kg2 b3 63. g5+ Ke7) 62. g5+ Ke7 {Threatens to win with ...Re3+.} 63. Rd2 Re3+ 64. Kf4 Rc3 {Hoping for ...Be3+.} 65. Re2+ $2 (65. Rd3) 65... Kd8 66. Bb5 b3 {[%cal Bb4b3,Bb3b2][%mdl 32]} 67. Ke4 Ba3 68. Re3 {[#]} (68. Re1 $19) 68... b2 $1 {[%mdl 512] Precision: White = 38%, Black = 57%.} 0-1

[Event "10th KiiT Festival 2017"]
[Site "Bhubaneshwar"]
[Date "2017.05.27"]
[Round "1"]
[White "Mahindrakar Indrajeet"]
[Black "Nitin, S.."]
[Result "0-1"]
[WhiteElo "1966"]
[BlackElo "2426"]
[Annotator "TA"]
[PlyCount "68"]
[EventDate "2017.05.26"]
[EventType "swiss"]
[EventCountry "IND"]
[SourceTitle "playchess.com"]
[Source "ChessBase"]
[SourceQuality "1"]

{[%evp 11,68,-30,-33,-31,-40,-77,-77,-79,-60,-95,-82,-76,-71,-75,-33,-97,-83,-101,-97,-103,-78,-75,0,-43,10,0,10,4,13,-43,32,-37,-45,-58,-62,-62,-78,-89,-90,-88,-88,-93,-56,-70,-76,-311,-85,-219,-141,-1093,-1046,-1027,-1010,-848,-811,-1290,-1281,-1238,-1214]} 1. e4 c5 2. c3 Nf6 3. e5 Nd5 4. g3 d6 5. exd6 Qxd6 6. Bg2 Nc6 7. Na3 {B22: Sicilian: 2 c3} (7. Ne2 Bg4 8. h3 Bxe2 9. Qxe2 e6 10. Na3 Be7 11. Nc4 Qd7 12. d3 O-O 13. O-O b5 14. Ne3 Rad8 15. d4 b4 16. dxc5 bxc3 17. Nxd5 exd5 18. bxc3 Bxc5 {½-½ (74) Cuartas,J (2481)-Timofeev,A (2596) Barcelona 2016}) 7... Bf5 8. Ne2 Bd3 9. O-O {Black is better.} e5 10. Re1 Be7 11. b3 O-O-O $146 ({Predecessor:} 11... h5 12. Nc4 Qd7 13. Bb2 h4 14. Nc1 Bxc4 15. bxc4 {1-0 (28) Mitscherling,A (2290)-Kopylov,L (1683) Germany 2002}) 12. Nc4 Qg6 13. Ba3 (13. Bb2 $15) 13... h5 $17 14. Nc1 {[#]} Nxc3 $1 {[%mdl 512]} 15. Qf3 (15. dxc3 Bxc4) 15... Bxc4 $1 16. bxc4 Na4 (16... e4 $1 $17 {[%cal Re4f3]} 17. Qxc3 Bf6) 17. Nb3 h4 (17... Bd6 $15) 18. d4 $1 $11 {[%cal Rd4d5] Black must now prevent d5.} hxg3 19. hxg3 Qh5 20. g4 (20. Qxh5 $11 Rxh5 21. dxe5) 20... Qh2+ $1 $15 21. Kf1 Rd7 $1 $36 {[%mdl 2048] Black is more active.} 22. d5 Nd4 23. Nxd4 exd4 24. Bc1 {Bf4 is the strong threat.} Bd6 25. Bd2 Nb6 26. Rac1 Qh7 27. a4 Nxa4 28. Qa3 $2 {[#]} (28. Ba5 $17 {was necessary.}) 28... Nb6 $2 (28... Nc3 $1 $19 {has better winning chances.} 29. Rxc3 (29. Bxc3 Qd3+) 29... dxc3 30. Qxc3 Re7 31. Rxe7 Bxe7) 29. Be4 (29. Ba5 $17) 29... g6 30. Qxa7 $2 {[%mdl 8192]} (30. Bg2 $17 Kb8 31. Bg5) 30... Qh3+ $19 {Black is clearly winning.} 31. Bg2 Qd3+ 32. Re2 Re7 33. Rce1 Rhe8 {[%cal Re7e2]} 34. Be3 dxe3 {Precision: White = 41%, Black = 55%.} 0-1

[Event "10th KiiT Festival 2017"]
[Site "Bhubaneshwar"]
[Date "2017.05.27"]
[Round "1"]
[White "Utsab Chatterjee"]
[Black "Laxman, R R"]
[Result "0-1"]
[WhiteElo "1961"]
[BlackElo "2417"]
[Annotator "TA"]
[PlyCount "138"]
[EventDate "2017.05.26"]
[EventType "swiss"]
[EventCountry "IND"]
[SourceTitle "playchess.com"]
[Source "ChessBase"]
[SourceQuality "1"]

{[%evp 23,137,0,14,-10,10,13,15,0,0,0,-6,0,52,50,59,-68,-60,-45,0,0,0,1,8,-10,-17,-46,-49,-43,-52,-36,-41,-41,-49,-96,-26,-41,-43,-100,-42,-86,0,-72,-65,-64,-21,-29,-42,-103,-71,-68,-57,-73,-57,-68,-62,-57,-57,-79,-79,-87,-64,-114,-115,-163,-149,-131,-131,-133,-51,-66,0,-139,-104,-145,-120,-136,-135,-125,-116,-29990,-29991,-29996,-312,-323,-316,-306,-274,-347,-343,-338,-333,-330,-328,-382,-373,-319,-364,-375,-360,-448,-350,-897,-893,-29964,-5401,-1736,-1677,-29985,-29983,-29987,-29976,-29973,-1348,-29998,-29999,-29999]} 1. e4 e5 2. Nf3 Nc6 3. Bb5 a6 4. Ba4 Nf6 5. d3 b5 6. Bb3 Bc5 7. O-O d6 8. c3 h6 9. Nbd2 {C78: Ruy Lopez: Archangelsk and Möller Defences} O-O 10. Re1 Bb6 11. Nf1 Ne7 12. Ng3 Ng6 {LiveBook: 9 Games} 13. d4 c5 14. h3 Re8 {[#]} 15. Be3 $146 ({Predecessor:} 15. Bc2 cxd4 16. cxd4 exd4 {1-0 (46) Akopian,V (2698)-Kasimdzhanov,R (2677) Sochi 2007}) 15... exd4 16. cxd4 Bb7 17. Bc2 $1 Nxe4 ({Better is} 17... cxd4 $11 18. Bxd4 Rc8) 18. Nxe4 $14 Bxe4 19. Bxe4 (19. Bg5 $1 $14 hxg5 20. Bxe4) 19... Rxe4 $15 20. Qc2 Qe7 21. dxc5 dxc5 {[#]} 22. Bxh6 $1 {[%mdl 512]} Re8 (22... gxh6 23. Rxe4) 23. Be3 Qc7 24. Rac1 c4 {[%cal Rb6e3]} 25. Bxb6 Rxe1+ 26. Rxe1 Rxe1+ 27. Nxe1 Qxb6 28. Qf5 Qc6 (28... Qd4 $17 29. Qc2 Nf4) 29. Nf3 b4 30. Qc2 (30. Nd4 $15 Qc7 31. Qc2) 30... Nf4 ({Black should play} 30... a5 $17) 31. Qf5 Ng6 (31... Ne6 {with more complications.} 32. Qxf7+ Kxf7 33. Ne5+ Kf6 34. Nxc6 c3) 32. Qc2 Qd5 33. Qd2 Qc5 34. Qd8+ Nf8 $1 {aiming for ...c3.} 35. Nd4 (35. Qd4 $1 $15 Ne6 36. Qxc5 Nxc5 37. Kf1) 35... c3 36. bxc3 bxc3 {Hoping for ...c2.} 37. Nc2 Qf5 38. Qd1 Ne6 39. a3 Qe4 40. Kf1 g6 41. Qe2 Qb7 42. Qc4 Qb2 43. Qe4 Qc1+ 44. Ke2 Qd2+ 45. Kf1 Nf4 (45... Ng5 $17 46. Qe8+ Kg7 47. Qe5+ Kh7) 46. Ne1 Ne6 (46... a5 $15) 47. Nc2 $1 $17 a5 48. g3 Qd1+ 49. Kg2 Ng5 50. Qa8+ Kh7 51. Qxa5 $2 {[%mdl 8192]} (51. Ne3 $17 c2 52. h4) 51... Qf3+ 52. Kf1 Nxh3 $2 (52... Ne4 {mates} 53. Qh5+ gxh5 54. Kg1 Qxf2+ 55. Kh1 Nxg3#) 53. Qa7 $19 Qd3+ $1 54. Kg2 Ng5 $1 ({And not} 54... Qxc2 55. Qxf7+ Kh6 56. Qf8+ Kg5 57. Qe7+ Kh6 58. Qh4+ Kg7 59. Qe7+ Kg8 60. Qe6+ Kh8 61. Qxh3+ Kg7 62. Qd7+ Kh6 63. Qh3+ Kg7 64. Qd7+ Kh6 65. Qc6 $11) 55. Ne3 {[#]} Qe4+ $1 56. Kf1 c2 57. Nxc2 Qxc2 58. Qe3 Qd1+ 59. Kg2 Qd5+ 60. Kf1 Nf3 61. a4 g5 {[%cal Bg6g5,Bg5g4][%mdl 32] ...g4 is the strong threat.} 62. a5 $2 (62. Ke2 Nd4+ 63. Kd2) 62... g4 {( -> ...Qd1+)} 63. Qe2 Nd4 (63... Qxa5 $142 64. Qe4+ Kh8 65. Qe3 Qb5+ 66. Kg2 Qd5 67. Qh6+ Kg8 68. Qh1 Nd4+ 69. Kh2 Nf3+ 70. Kg2 Qb7 71. Kf1 Qe4 72. Kg2 Nd4+ 73. Kh2 Qh7+ 74. Kg2 Qe4+ 75. Kh2 Nf3+ 76. Kg2 Ng5+ 77. Kh2 Qe2 78. Qa8+ Kh7 79. Kg2 Nh3 80. Kh2 Qxf2+ 81. Qg2 Qxg2+ 82. Kxg2 Ng5 83. Kg1 f5 84. Kf1 Ne4 85. Kg2 Kg6 86. Kh2 {[#]} Nxg3 $1 {[%mdl 512]} 87. Kxg3 Kg5 88. Kf2 f4 89. Ke2 f3+ 90. Ke3 Kf5 91. Kd2 Ke4 92. Kd1 g3 93. Ke1 Ke3 94. Kd1 f2 95. Kc2 f1=Q 96. Kc3 Qb5 97. Kc2 Qb4 98. Kc1 Kd3 99. Kd1 Qd2#) 64. Qd3+ f5 {[%cal Rd5h1]} 65. Ke1 Qxa5+ 66. Kd1 Qd5 67. Kd2 Nf3+ 68. Ke3 Qe5+ 69. Qe4 Qxe4# {Precision: White = 43%, Black = 56%.} 0-1

[Event "10th KiiT Festival 2017"]
[Site "Bhubaneshwar"]
[Date "2017.05.27"]
[Round "1"]
[White "Dileep Kumar R"]
[Black "Das, Sayantan"]
[Result "0-1"]
[WhiteElo "1944"]
[BlackElo "2396"]
[Annotator "NA"]
[PlyCount "110"]
[EventDate "2017.05.26"]
[EventType "swiss"]
[EventCountry "IND"]
[SourceTitle "playchess.com"]
[Source "ChessBase"]
[SourceQuality "1"]
[TimeControl "5400+30"]

1. e4 e6 2. d4 d5 3. Nc3 Nf6 4. Bg5 dxe4 5. Nxe4 Be7 6. Bxf6 gxf6 7. Nf3 a6 8. g3 b5 9. Bg2 Bb7 10. Nc3 c5 11. dxc5 Qxd1+ 12. Rxd1 Bxc5 13. O-O Bb4 14. Rd3 Ke7 15. Rfd1 Rc8 16. Nd4 Bxg2 17. Kxg2 Bxc3 18. Rxc3 Rxc3 19. bxc3 Nd7 20. Nc6+ Ke8 21. Rd6 Nc5 22. Na5 Ne4 23. Rc6 Kd7 24. c4 Nd6 25. Rc5 f5 26. f3 f6 27. Kf2 h5 28. h4 Rg8 29. Rc6 Ra8 30. Rc5 e5 31. a3 e4 32. Ke3 Rg8 33. Kf4 Re8 34. Ke3 Rb8 35. cxb5 axb5 36. fxe4 Rg8 37. exf5 Rxg3+ 38. Kf4 Rxa3 39. Nb3 Ra4+ 40. Ke3 Re4+ 41. Kd3 Rxh4 42. Nd4 Rh3+ 43. Ke2 b4 44. Ra5 Ra3 45. Rd5 Rc3 46. Ra5 h4 47. Ra7+ Rc7 48. Ra8 h3 49. Rh8 Rc3 50. Rh7+ Ke8 51. Rh4 Kf7 52. Kf2 Rc4 53. Rf4 h2 54. Kg2 Nb5 55. Ne2 Rxc2 0-1